| 000 | 00419pab a2200169 454500 | ||
|---|---|---|---|
| 008 | 180718b2012 xxu||||| |||| 00| 0 eng d | ||
| 100 | _aChinara, Benudhar | ||
| 245 | _aEducating self for peace and teachers: A process of social transformation | ||
| 260 | _c2012 | ||
| 300 | _ap.10-15. | ||
| 362 | _a23 Jul | ||
| 650 | _aTeachers | ||
| 650 | _aPeace | ||
| 773 | _aUniversity News | ||
| 908 | _aN | ||
| 909 | _a97398 | ||
| 999 |
_c97398 _d97398 |
||